Corridors of engagement / (Record no. 166207)
[ view plain ]
| 000 -LEADER | |
|---|---|
| fixed length control field | 00663nam a22002177a 4500 |
| 005 - DATE AND TIME OF LATEST TRANSACTION | |
| control field | 20190716163921.0 |
| 010 ## - LCCN (DPL NO) | |
| LC control number | ENG-125958 |
| 020 ## - INTERNATIONAL STANDARD BOOK NUMBER | |
| International Standard Book Number | 9789387324978 |
| Terms of availability | 720.00 |
| 035 ## - SYSTEM CONTROL NUMBER | |
| System control number | EN-109490 |
| 037 ## - SOURCE OF ACQUISITION | |
| Source of stock number/acquisition | DBAD/PUB |
| 082 ## - DEWEY DECIMAL CLASSIFICATION NUMBER | |
| Classification number | 327.54 |
| 245 ## - TITLE STATEMENT | |
| Title | Corridors of engagement / |
| Statement of responsibility, etc | ed.by Swarn Singh, Anita Sengupta [and] Priya Singh |
| 260 ## - PUBLICATION, DISTRIBUTION, ETC. (IMPRINT) | |
| Place of publication, distribution, etc | New Delhi |
| Name of publisher, distributor, etc | KW Publishers |
| Date of publication, distribution, etc | 2019 |
| 270 ## - ADDRESS | |
| Address | 4676/21, First Floor, Ansari Road |
| City | Daryaganj, New Delhi |
| Postal code | 110002 |
| 300 ## - PHYSICAL DESCRIPTION | |
| Extent | xiv,194p. |
| Dimensions | 24cm(Hb) |
| 500 ## - GENERAL NOTE | |
| General note | Includes index |
| 700 ## - ADDED ENTRY--PERSONAL NAME | |
| Personal name | Swaran Singh |
| 700 ## - ADDED ENTRY--PERSONAL NAME | |
| Personal name | Sengupta, Anita |
| 700 ## - ADDED ENTRY--PERSONAL NAME | |
| Personal name | Priya Singh |
| 942 ## - ADDED ENTRY ELEMENTS (KOHA) | |
| Source of classification or shelving scheme | Dewey Decimal Classification |
| Item type | English Books |
| Classification part | 327.54 |
| Call number suffix | COR |
| Withdrawn status | Lost status | Not for loan | Collection code | Home library | Current library | Date acquired | Source of acquisition | Cost, normal purchase price | Full call number | Barcode | Copy number | Cost, replacement price | Koha item type |
|---|---|---|---|---|---|---|---|---|---|---|---|---|---|
| Non-fiction | Andrews Gunj | Andrews Gunj | 16/07/2019 | DBAD/PUB | 720.00 | 327.54 COR | EN-109490 | 1 | 720.00 | English Books |
